[Event "Benidorm op U2200 10th"]
[Site "Benidorm"]
[Date "2011.12.07"]
[Round "7"]
[White "Maseda Iglesias, Luis"]
[Black "Allabatre, Steeve"]
[Result "0-1"]
[WhiteElo "1760"]
[BlackElo "1907"]
[PlyCount "56"]
[EventDate "2011.12.02"]
[EventType "swiss"]
[EventRounds "10"]
[EventCountry "ESP"]
[SourceTitle "CBM 145 Extra"]
[Source "ChessBase"]
[SourceDate "2012.01.03"]
[SourceVersion "1"]
[SourceVersionDate "2012.01.03"]
[SourceQuality "1"]

1. d4 f5 2. g3 Nf6 3. Bg2 g6 4. c4 Bg7 5. Nc3 0-0 6. Nh3 d6 7. 0-0 c6 8. Bg5 Ne4 9. Nxe4 fxe4 10. Qd2 Bg4 11. f3 exf3 12. exf3 Bf5 13. Bh6 Qb6 14. Bxg7 Kxg7 15. Nf2 Na6 16. g4 Bd7 17. Rfe1 Rae8 18. h4 Qb4 19. Qg5 Rf7 20. b3 h6 21. Qe3 e5 22. a3 Qa5 23. b4 Qd8 24. dxe5 Rxe5 25. Qd4 Qf6 26. Rxe5 dxe5 27. Qxa7 e4 28. Nxe4 Qxa1+ 0-1

[Event "Benidorm op U2000 09th"]
[Site "Benidorm"]
[Date "2010.12.10"]
[Round "9"]
[White "Proorocu, Aurel George"]
[Black "Allabatre, Steeve"]
[Result "1-0"]
[WhiteElo "1962"]
[BlackElo "1844"]
[PlyCount "35"]
[EventDate "2010.12.03"]
[EventType "swiss"]
[EventRounds "10"]
[EventCountry "ESP"]
[SourceTitle "CBM 139 Extra"]
[Source "ChessBase"]
[SourceDate "2011.01.05"]
[SourceVersion "1"]
[SourceVersionDate "2011.01.05"]
[SourceQuality "1"]

1. d4 Nf6 2. Nf3 g6 3. Bg5 Bg7 4. c4 d5 5. e3 c6 6. Nc3 0-0 7. Be2 Re8 8. 0-0 Nbd7 9. Re1 h6 10. Bh4 Qa5 11. Qb3 Nb6 12. Ne5 Ne4 13. Nxe4 dxe4 14. Bg3 Qa4 15. Qc3 a5 16. a3 Bf5 17. Bd1 Nd5 18. Qd2 1-0

[Event "Benidorm op U2000 07th"]
[Site "Benidorm"]
[Date "2008.11.29"]
[Round "1"]
[White "Leroux, Mathieu"]
[Black "Allabatre, Steeve"]
[Result "1-0"]
[WhiteElo "1996"]
[BlackElo "1824"]
[PlyCount "134"]
[EventDate "2008.11.29"]
[EventType "swiss"]
[EventRounds "9"]
[EventCountry "ESP"]
[SourceTitle "CBM 127 Extra"]
[Source "ChessBase"]
[SourceDate "2009.01.08"]
[SourceVersion "2"]
[SourceVersionDate "2009.01.28"]
[SourceQuality "1"]

1. e4 e5 2. Nc3 Nc6 3. Bc4 Bc5 4. d3 d6 5. h3 Nf6 6. Nf3 Be6 7. Bb3 h6 8. Na4 Bxb3 9. axb3 b5 10. Nxc5 dxc5 11. Be3 c4 12. bxc4 bxc4 13. 0-0 0-0 14. Qd2 Qd6 15. Ra6 Rfd8 16. Qc3 Qe6 17. b3 Rd6 18. Qxc4 Qxc4 19. bxc4 Nb4 20. Rxa7 Rxa7 21. Bxa7 Nxc2 22. Rc1 Nb4 23. Bb8 Nxd3 24. Bxc7 Nxc1 25. Bxd6 Nxe4 26. Bxe5 f6 27. Bd4 Kf7 28. Kf1 Ke6 29. Be3 Nb3 30. Ke2 Kd6 31. Nh4 Ke6 32. Kd3 Nbc5+ 33. Kd4 g5 34. f3 gxh4 35. fxe4 Kd6 36. Bf4+ Kc6 37. Bxh6 Ne6+ 38. Kd3 Kc5 39. Be3+ Kd6 40. Bd2 Kc5 41. Bc1 Kb4 42. Be3 Kb3 43. c5 Kb4 44. c6 Kb5 45. c7 Nxc7 46. Bf2 Ne6 47. Ke3 Ng7 48. Bxh4 f5 49. e5 Ne6 50. Bf6 Kc6 51. g3 Kd7 52. Kf3 Ke8 53. g4 fxg4+ 54. hxg4 Kf7 55. Ke4 Kg6 56. Kd5 Nf4+ 57. Kd6 Kf7 58. g5 Ke8 59. e6 Ng6 60. e7 Nh4 61. Ke6 Ng6 62. Kf5 Nh4+ 63. Kg4 Ng6 64. Kh5 Nf4+ 65. Kh6 Kf7 66. Kh7 Nh5 67. g6+ Ke8 1-0

[Event "Elancourt op 10th"]
[Site "Elancourt"]
[Date "2007.04.18"]
[Round "6"]
[White "Allabatre, Steeve"]
[Black "Hadet, Emmanuel"]
[Result "1/2-1/2"]
[WhiteElo "1820"]
[BlackElo "1985"]
[PlyCount "105"]
[EventDate "2007.04.14"]
[EventType "swiss"]
[EventRounds "9"]
[EventCountry "FRA"]
[SourceTitle "CBM 118 Extra"]
[Source "ChessBase"]
[SourceDate "2007.07.04"]
[SourceVersion "1"]
[SourceVersionDate "2007.07.04"]
[SourceQuality "1"]

1. d4 d5 2. c4 e6 3. Nc3 Nf6 4. Bg5 Be7 5. Nf3 h6 6. Bh4 0-0 7. e3 b6 8. Be2 Bb7 9. 0-0 Nbd7 10. Rc1 dxc4 11. Bxc4 c5 12. Be2 Ne4 13. dxc5 Nxc3 14. Rxc3 Nxc5 15. Qxd8 Bxd8 16. Bxd8 Rfxd8 17. b4 Ne4 18. Rc7 Bd5 19. Ne5 Bxa2 20. f3 Nd2 21. Ra1 Bb1 22. Nxf7 Rf8 23. Ne5 a5 24. Nc4 Nxc4 25. Bxc4 Bg6 26. Bxe6+ Bf7 27. Bxf7+ Rxf7 28. Rxf7 Kxf7 29. bxa5 bxa5 30. Ra4 Ke6 31. Kf2 Kd5 32. Ke2 Kc5 33. Kd3 Kb5 34. Ra2 a4 35. Rb2+ Ka5 36. Kc2 Ra7 37. Kb1 Rd7 38. Ka2 Rd3 39. e4 Re3 40. Rf2 Kb4 41. g3 g5 42. h4 gxh4 43. gxh4 h5 44. f4 Rxe4 45. f5 Re7 46. Rf4+ Kb5 47. Rf3 Kb4 48. f6 Rf7 49. Rf5 Kc4 50. Ka3 Kd4 51. Kxa4 Ke4 52. Rxh5 Rxf6 53. Rg5 1/2-1/2